000 00872nmm a2200265 a 4500
001 ocm000702972
003 TR-IsHL
005 20201028131005.0
008 131010s2010 tu tur
007 cr cn
035 _a702972
_b(N$T)
050 0 4 _aPL230
_b.U74 2010
090 0 4 _aPL230
_b.U74 2010
245 1 0 _aUrgancı Hasan ve elmas
_h[electronic resource] /
_ced. Erdal Çakıcıoğlu ; res. Emel Alp Sarı
260 _aİstanbul :
_bAkvaryum Yayınları,
_c2010
300 _a96 p.
650 4 _aDil ve Edebiyat
650 4 _aLanguage and Literature
650 0 _aÇocuk Edebiyatı
650 0 _aChildren literature
650 7 _aLITERARY COLLECTIONS / Middle Eastern
_2bisacsh
700 1 _aÇakıcıoğlu, Erdal
700 1 _aSarı, Emel Alp
856 4 0 _uhttp://search.ebscohost.com/login.aspx?direct=true&scope=site&db=e011xww&AN=702972
999 _c4320
_d4320